| 000 | 00609cam a2200205ua 4500 | ||
|---|---|---|---|
| 001 | 6706 | ||
| 008 | 140311n ii |||gr||||Z||||||eng | ||
| 020 | _a0-07-463079-2 | ||
| 040 | _cMAIN | ||
| 082 | _a658.72 | ||
| 245 |
_aPurchasing and supply management : _bText and cases / _cBy Donald W. Dobler . |
||
| 250 | _a6th ed. | ||
| 260 |
_aNew delhi: _bTata McGraw-hill publishing company limited, _c1996. |
||
| 300 | _axv,949p. | ||
| 653 | _aGeneral management | ||
| 653 | _aPurchasing and supply management : | ||
| 700 |
_aDobler,Donald W., _eAuthor., |
||
| 700 |
_aBurt,David N., _eAuthor. |
||
| 942 | _cBK | ||
| 999 |
_c5854 _d5854 |
||